| 000 | 00510nam a22001937a 4500 | ||
|---|---|---|---|
| 005 | 20251201115231.0 | ||
| 008 | 251201b |||||||| |||| 00| 0 eng d | ||
| 020 | _a978-93-93330-82-6 | ||
| 050 | _aRG 651.A78 2025 | ||
| 100 | _aARULKUMARAN SABARATNAM SIR | ||
| 245 | _aTHE MANAGEMENT OF LABOUR | ||
| 250 | _a4th | ||
| 260 |
_aINDIA _bUNVERSITIES PRESS _c2025 |
||
| 300 | _aX,542 | ||
| 500 | _aINCLUDES AN INDEX | ||
| 650 | _aLabour obstetrics -management | ||
| 700 | _aARJUN GITA | ||
| 942 |
_2lcc _cBK |
||
| 999 |
_c216320 _d216320 |
||